Online Catalogue and eLibrary

Theorizing culture : (Record no. 300)

MARC details
000 -LEADER
fixed length control field 00797cam a2200241 a 4500
001 - CONTROL NUMBER
control field 4924894
005 - DATE AND TIME OF LATEST TRANSACTION
control field 20240206033417.0
008 - FIXED-LENGTH DATA ELEMENTS--GENERAL INFORMATION
fixed length control field 950421s1995 nyua b s001 0 eng
020 ## - INTERNATIONAL STANDARD BOOK NUMBER
ISBN 1857283287 ( HB)
020 ## - INTERNATIONAL STANDARD BOOK NUMBER
ISBN 1857283295 (pbk.)
040 ## - CATALOGING SOURCE (பட்டியலாக்க மூலம்)
Original cataloging agency DLC
Transcribing agency DLC
Modifying agency DLC
082 00 - DDC Classification
Class No. 306
DDC Edition Number 20
245 00 - TITLE STATEMENT
Title Theorizing culture :
Remainder of title an interdisciplinary critique after postmodernism /
Statement of responsibility, etc. edited by Barbara Adam, Stuart Allan.
260 ## - PUBLICATION, DISTRIBUTION, ETC.
Place of publication, distribution, etc. New York :
Name of publisher, distributor, etc. New York University Press,
Date of publication, distribution, etc. 1995.
300 ## - PHYSICAL DESCRIPTION
Extent (e.g. Volumes, Pages etc.) xvii, 269 p. :
650 #0 - SUBJECT ADDED ENTRY--TOPICAL TERM
Topical term or geographic name entry element Culture.
650 #0 - SUBJECT ADDED ENTRY--TOPICAL TERM
Topical term or geographic name entry element Postmodernism
700 1# - ADDED ENTRY--PERSONAL NAME
Personal name Adam, Barbara,
Relator term (Role) Editor
700 1# - ADDED ENTRY--PERSONAL NAME
Personal name Allan, Stuart,
Relator term (Role) Editor
856 42 - ELECTRONIC LOCATION AND ACCESS
Uniform Resource Identifier <a href="http://www.loc.gov/catdir/enhancements/fy0808/95018792-b.html">http://www.loc.gov/catdir/enhancements/fy0808/95018792-b.html</a>
856 42 - ELECTRONIC LOCATION AND ACCESS
Uniform Resource Identifier <a href="http://www.loc.gov/catdir/enhancements/fy0808/95018792-d.html">http://www.loc.gov/catdir/enhancements/fy0808/95018792-d.html</a>
942 ## - Koha item type (Biblio)
Koha item type Books in Stacks (Lending)
Holdings
Lost status Damaged status Collection code Home library Current library Date acquired Full call number Accession Number Item type
    Lending WERC Library WERC Library 02/06/2024 306 2302 Books in Stacks (Lending)

© WERC Library